000 01881nam0a2200421 4500
001 RU\NLR\bibl\260350
005 20260607065600.0
010 _a5-81940-046-1
_93000
021 _aRU
_b2001-59768
_92915
035 _a(NLR Aleph) 000256016
090 _a1494698
_c1494698
100 _a20020419d2001 |||y0rusy50 ca
101 0 _arus
102 _aRU
105 _ay |||||||||
200 1 _aПрограмма и методические рекомендации для учителей по курсу "Начала философии" (старшая школа)
_eМетод. пособие
_f[С. С. Гусев и др.]
_gПод ред. Б. И. Федорова
210 _aСПб.
_cИван Федоров
_d2001
215 _a165, [1] с.
_d21
225 1 _aОбществознание
300 _aЗагл. обл.: Начала философии
320 _aБиблиогр. в конце тем
512 1 _aНачала философии
606 0 _aФилософия
_xМетодика преподавания
_xСредняя школа
_91867419
_3RU\NLR\auth\661138445
606 0 _aФилософия
_xПреподавание
_xСредняя школа
_92207875
_3RU\NLR\auth\661326437
610 0 _aФилософия - Изучение в школе
675 _a372.81
_v3
_zrus
686 _a14
_2rugasnti
686 _a74.268.7
_2rubbk
686 _aЧ426.58-2
702 1 _4340
_7ca
_8rus
_aФедоров
_bБ. И.
_cд-р филос. наук
_f1938-
_gБорис Иванович
_9123613
_3RU\NLR\auth\7713935
702 1 _4220
_7ca
_8rus
_aГусев
_bС. С.
_cд-р филос. наук
_gСтанислав Сергеевич
_950907
_3RU\NLR\auth\7767979
801 0 _aRU
_bRKP
_c20020419
_gPSBO
801 1 _aRU
_bRKP
_c20020419
801 2 _aRU
_bNLR
_c20080905
_grcr
942 _cBOOK
980 _aNB